000 00718nam a2200217Ia 4500
003 OSt
005 20220926021845.0
006 a|||||r|||| 00| 0
007 ta
008 220923b |||||||| |||| 00| 0 eng d
037 _cGeneral Book
040 _aRTL
_cRTL
_beng
041 _2eng
_aeng
082 _aVIN45,933:8.N73, A3,302
245 0 _aResolutions
_b General assembly during its twenty-eighth session
260 _aNew York
_bUnited Nations
_c1976
300 _avii, 1p
_ccm.
490 _aGeneral assembly, official records: Twenty eighth session, Supp, 30A(A/9030/ADD.1) V II (16 Sep.1974)
942 _hVIN45,933:8.N73, A3,302
_cGB
_2CC
999 _c637831
_d637831